PSV Eindhoven Current 25/26 Squad - Statistics

General Stats
  • This quiz has been taken 65 times
  • The average score is 21 of 24
Answer Stats
# Position Nation Player % Correct
8 DEF USA Dest
98%
32 GK Czechia Kovar
96%
34 MID Morocco Saibari
96%
17 DEF Brazil Mauro Junior
94%
23 MID Netherlands Veerman
94%
1 GK Netherlands Olij
92%
9 ATT USA Pepi
92%
22 MID Netherlands Schouten
92%
20 MID Netherlands Til
92%
6 DEF Netherlands Flamingo
90%
27 ATT Romania Man
90%
5 ATT Croatia Perisic
90%
3 DEF Spain Gasiorowski
88%
4 DEF Curacao Obispo
88%
2 DEF Morocco Salah-Eddine
88%
10 MID Germany Wanner
88%
11 ATT Morocco Driouech
83%
19 ATT Bosnia Bajraktarevic
77%
14 ATT France Plea
77%
21 ATT Netherlands Boadu
75%
24 GK Netherlands Schiks
75%
7 ATT Netherlands van Bommel
75%
25 DEF France Sildillia
71%
39 DEF Burkina Faso Nagalo
69%
No matching quizzes found
Score Distribution
Percent of People with Each Score
Percentile by Number Answered
Your Score History
You have not taken this quiz